[Event "Milan Crespi op-C 35th"]
[Site "Milan"]
[Date "2014.12.08"]
[Round "6"]
[White "Sannino, Raffaele"]
[Black "Barolo, Andrea"]
[Result "0-1"]
[WhiteElo "2025"]
[BlackElo "1968"]
[PlyCount "22"]
[EventDate "2014.12.04"]
[EventType "swiss"]
[EventRounds "7"]
[EventCountry "ITA"]
[SourceTitle "EXT 2017"]
[Source "ChessBase"]
[SourceDate "2016.10.25"]
[SourceVersion "1"]
[SourceVersionDate "2016.10.25"]
[SourceQuality "1"]

1. Nf3 Nf6 2. c4 g6 3. Nc3 d5 4. e3 Bg7 5. b4 0-0 6. Qb3 Be6 7. Bb2 a5 8. d4 dxc4 9. Bxc4 a4 10. Nxa4 Bxc4 11. Qxc4 Rxa4 0-1

[Event "Milan Crespi op-C 35th"]
[Site "Milan"]
[Date "2014.12.07"]
[Round "5"]
[White "Valdettaro, Filippo"]
[Black "Sannino, Raffaele"]
[Result "0-1"]
[WhiteElo "1750"]
[BlackElo "2025"]
[PlyCount "60"]
[EventDate "2014.12.04"]
[EventType "swiss"]
[EventRounds "7"]
[EventCountry "ITA"]
[SourceTitle "EXT 2017"]
[Source "ChessBase"]
[SourceDate "2016.10.25"]
[SourceVersion "1"]
[SourceVersionDate "2016.10.25"]
[SourceQuality "1"]

1. e4 g6 2. d4 Bg7 3. Nc3 d6 4. f4 a6 5. Nf3 Bg4 6. Be3 Nc6 7. d5 Bxf3 8. gxf3 Nb8 9. Qd2 c6 10. dxc6 bxc6 11. Bd4 Nf6 12. 0-0-0 0-0 13. Bxf6 Bxf6 14. e5 Bg7 15. exd6 exd6 16. Qxd6 Qb6 17. Rd3 a5 18. Na4 Qa7 19. Nc5 Na6 20. Nxa6 Qxa6 21. Rc3 Qa7 22. Rxc6 Rad8 23. Qc5 Qb8 24. Bb5 Qxf4+ 25. Kb1 Qxf3 26. Rc1 Bh6 27. b3 Bxc1 28. Kxc1 Qf4+ 29. Kb2 Qxh2 30. Bc4 Qd2 0-1

[Event "Campobasso op-A 15th"]
[Site "Campobasso"]
[Date "2008.07.19"]
[Round "3"]
[White "Corvi, Marco"]
[Black "Sannino, Raffaele"]
[Result "1-0"]
[WhiteElo "2350"]
[BlackElo "2014"]
[PlyCount "81"]
[EventDate "2008.07.18"]
[EventType "swiss"]
[EventRounds "6"]
[EventCountry "ITA"]
[SourceTitle "EXT 2011"]
[Source "ChessBase"]
[SourceDate "2010.11.26"]
[SourceVersion "1"]
[SourceVersionDate "2010.11.26"]
[SourceQuality "1"]

1. c4 g6 2. Nc3 Bg7 3. g3 c5 4. Bg2 Nc6 5. Nf3 Nf6 6. 0-0 0-0 7. d4 cxd4 8. Nxd4 Qb6 9. Nc2 d6 10. b3 Ng4 11. Bb2 Qa5 12. Qd2 Qh5 13. h3 Nf6 14. Nd5 Nxd5 15. Bxg7 Kxg7 16. cxd5 Ne5 17. g4 Qh4 18. Nd4 Qh6 19. Qxh6+ Kxh6 20. f4 Nd7 21. Rac1 Nc5 22. b4 Na6 23. a3 Bd7 24. Rc3 Rac8 25. Rfc1 Rxc3 26. Rxc3 Kg7 27. e3 h5 28. gxh5 gxh5 29. Kh2 Ra8 30. Bf1 Kf6 31. Bxa6 bxa6 32. Rc7 e5 33. Rxd7 exd4 34. exd4 a5 35. Rxd6+ Kf5 36. bxa5 Ke4 37. Kg3 Kxd4 38. Rf6 Rf8 39. d6 Kc5 40. d7 Kb5 41. a6 1-0

[Event "Campobasso op 14th"]
[Site "Campobasso"]
[Date "2007.07.22"]
[Round "6"]
[White "Sannino, Raffaele"]
[Black "De Leon Cultri Fascetti, Angelo"]
[Result "0-1"]
[WhiteElo "2037"]
[BlackElo "2010"]
[PlyCount "66"]
[EventDate "2007.07.20"]
[EventType "swiss"]
[EventRounds "6"]
[EventCountry "ITA"]
[SourceTitle "EXT 2009"]
[Source "ChessBase"]
[SourceDate "2008.11.26"]
[SourceVersion "1"]
[SourceVersionDate "2008.11.26"]
[SourceQuality "1"]

1. d4 Nf6 2. c4 c5 3. d5 e6 4. Nc3 exd5 5. cxd5 d6 6. e4 g6 7. f4 Bg7 8. Nf3 0-0 9. Be2 a6 10. a4 Nfd7 11. 0-0 f5 12. Ng5 Bd4+ 13. Kh1 Nf6 14. exf5 Bxf5 15. g4 Bc8 16. f5 Qe7 17. Ne6 Re8 18. g5 Bxc3 19. bxc3 Ne4 20. f6 Qf7 21. Qc2 Rxe6 22. dxe6 Qxe6 23. f7+ Kf8 24. Bf3 Qh3 25. Qg2 Ng3+ 26. Kg1 Qxg2+ 27. Kxg2 Nxf1 28. Kxf1 Be6 29. Bf4 Bc4+ 30. Kg2 Kxf7 31. Bxd6 Nd7 32. Rb1 Ra7 33. Bxb7 Rxb7 0-1

[Event "Campobasso op 14th"]
[Site "Campobasso"]
[Date "2007.07.20"]
[Round "2"]
[White "Sannino, Raffaele"]
[Black "Ljubisavljevic, Zivojin Z"]
[Result "0-1"]
[WhiteElo "2037"]
[BlackElo "2296"]
[PlyCount "84"]
[EventDate "2007.07.20"]
[EventType "swiss"]
[EventRounds "6"]
[EventCountry "ITA"]
[SourceTitle "EXT 2009"]
[Source "ChessBase"]
[SourceDate "2008.11.26"]
[SourceVersion "1"]
[SourceVersionDate "2008.11.26"]
[SourceQuality "1"]

1. d4 Nf6 2. c4 c5 3. d5 b5 4. a4 bxc4 5. Nc3 d6 6. e4 Ba6 7. Nf3 g6 8. e5 dxe5 9. Nxe5 Bg7 10. Nxc4 0-0 11. Be2 Nbd7 12. 0-0 Bxc4 13. Bxc4 Nb6 14. Ba2 Rc8 15. Qf3 c4 16. Rd1 Qd7 17. a5 Na4 18. Nxa4 Qxa4 19. Bd2 Ne8 20. Bc3 Bxc3 21. Qxc3 Nd6 22. h4 Rc5 23. b4 Rc7 24. h5 Rb8 25. hxg6 hxg6 26. Rdb1 Qd7 27. Qd4 Qf5 28. Re1 Qf6 29. Qxf6 exf6 30. Rab1 Rcb7 31. Kh2 Kf8 32. Rb2 Rxb4 33. Rc2 Ra4 34. Rec1 Rc8 35. Bb3 Rxa5 36. Bxc4 Rac5 37. Bb3 Rxc2 38. Rxc2 Rxc2 39. Bxc2 Ke7 40. Ba4 Ne4 41. f3 Nc3 42. Bc6 a5 0-1

[Event "Torre del Greco op"]
[Site "Torre del Greco"]
[Date "2006.09.03"]
[Round "1"]
[White "Sannino, Raffaele"]
[Black "Lamagna, Mario"]
[Result "0-1"]
[WhiteElo "2031"]
[BlackElo "1912"]
[PlyCount "98"]
[EventDate "2006.09.03"]
[EventType "swiss"]
[EventRounds "9"]
[EventCountry "ITA"]
[SourceTitle "EXT 2007"]
[Source "ChessBase"]
[SourceDate "2006.11.23"]
[SourceVersion "1"]
[SourceVersionDate "2006.11.23"]
[SourceQuality "1"]

1. c4 g6 2. Nc3 Bg7 3. g3 c5 4. Bg2 Nc6 5. Nf3 Nf6 6. 0-0 0-0 7. b3 d6 8. Bb2 e5 9. Ne1 Ne8 10. Nc2 Nc7 11. Ne3 Rb8 12. Ned5 f5 13. e3 Be6 14. Nxc7 Qxc7 15. Nb5 Qd8 16. d4 a6 17. Nxd6 Qxd6 18. d5 e4 19. Bxg7 Kxg7 20. dxc6 Qxc6 21. Qc2 Bg8 22. f3 exf3 23. Bxf3 Qe6 24. e4 Qe5 25. Rad1 Be6 26. Rfe1 f4 27. g4 g5 28. Rd2 Rfd8 29. Red1 Rd4 30. Rxd4 cxd4 31. Qb2 Rd8 32. Rd3 h5 33. h3 hxg4 34. hxg4 Kg6 35. Rd2 b6 36. Kf1 Qf6 37. Qb1 Qe5 38. Qb2 Bc8 39. Kg1 Bb7 40. Rd1 Qh8 41. Qg2 d3 42. e5 Bxf3 43. Qxf3 Qxe5 44. Rxd3 Qa1+ 45. Kf2 Qxa2+ 46. Ke1 Qb1+ 47. Kd2 Qxd3+ 48. Qxd3+ Rxd3+ 49. Kxd3 Kf6 0-1

[Event "Campobasso op 12th"]
[Site "Campobasso"]
[Date "2005.07.08"]
[Round "1"]
[White "Sannino, Raffaele"]
[Black "Vuelban, Virgilio"]
[Result "1/2-1/2"]
[WhiteElo "2005"]
[BlackElo "2305"]
[PlyCount "99"]
[EventDate "2005.07.08"]
[EventType "swiss"]
[EventRounds "6"]
[EventCountry "ITA"]
[SourceTitle "EXT 2007"]
[Source "ChessBase"]
[SourceDate "2006.11.23"]
[SourceVersion "1"]
[SourceVersionDate "2006.11.23"]
[SourceQuality "1"]

1. e4 c5 2. Nc3 Nc6 3. g3 g6 4. Bg2 Bg7 5. d3 e6 6. Nge2 Nge7 7. 0-0 0-0 8. Be3 Nd4 9. Qd2 Nec6 10. f4 d6 11. Nd1 b6 12. c3 Nxe2+ 13. Qxe2 Ba6 14. c4 Bb7 15. Nc3 Qd7 16. Rae1 Rae8 17. Qd2 Nd4 18. Kh1 f5 19. Bg1 a6 20. h3 b5 21. b3 Bc6 22. Ne2 Qb7 23. Nxd4 cxd4 24. exf5 gxf5 25. Bxc6 Qxc6+ 26. Qg2 Qc5 27. Re2 bxc4 28. bxc4 Qa3 29. Qf3 e5 30. Kg2 e4 31. dxe4 Qxf3+ 32. Kxf3 d3 33. Ree1 Bc3 34. Re3 Bd2 35. exf5 Bxe3 36. Bxe3 Rxf5 37. Rd1 Ra5 38. Rxd3 Rxa2 39. c5 dxc5 40. Bxc5 Rc2 41. Bb6 Rc6 42. Ba5 Rc5 43. Bc3 Rec8 44. Be5 Rf8 45. Kg4 Rc6 46. Rd7 Rf7 47. Rd8+ Rf8 48. Rd7 Rf7 49. Rd8+ Rf8 50. Rd7 1/2-1/2